000 00767cam a2200253Ia 4500
001 41757
005 20230410124050.0
008 030324s2002 ag a b 000 0 spa d
035 _a(OCoLC)ocm51905804
040 _aU@S
_bspa
_cU@S
_dBAKER
020 _a9505575351
020 _a9789505575350
050 1 4 _aLC 5800
_bP125i 2002
049 _aGRAL
100 1 _aPadula Perkins, Jorge Eduardo.
245 1 4 _aUna introducción a la educación a distancia /
_cJorge Eduardo Padula Perkins.
260 _aBuenos Aires :
_bFondo de Cultura Económica,
_cc2002.
300 _a91 p. :
_bil. ;
_c23 cm.
504 _aIncluye referencias bibliográficas (p. 89-90).
650 0 _aDistance education.
942 _2lcc
_cbk
946 _acspeguero
994 _aC0
_bDRFGD
999 _c70304
_d70304